000 00521nam a2200181Ia 4500
003 OSt
005 20200320135333.0
008 190216s9999||||xx |||||||||||||| ||und||
020 _a8171512828
040 _coclc
082 _a297.63
_bNUM/S
100 _aNu`Mani, Allama Shibli
_92129
245 0 _aSirat-Un-Nabi Vol 1 /
_cAllama Shibli Nu`Mani
260 _bKitab Bhavan,
_c2008.
_aNew Delhi:
300 _a210p
650 _aIslamic History
942 _cBK
_2ddc
_h297.63
_iNUM/S
_k297.63
_mNUM/S
999 _c22779
_d22779